[Event "WY U-16 Chess Olympiad 2019"]
[Site "Corum"]
[Date "2019.11.04"]
[Round "8"]
[White "Veiga, Jose Francisco R P N"]
[Black "Brilej, Jaka"]
[Result "0-1"]
[WhiteElo "2325"]
[BlackElo "2177"]
[Annotator "TA"]
[PlyCount "122"]
[EventDate "2019.10.28"]
[EventType "team-tourn"]
[EventCountry "TUR"]
[SourceTitle "playchess.com"]
[Source "ChessBase"]
[SourceQuality "1"]

1. e4 c5 2. Nf3 Nc6 3. d4 cxd4 4. Nxd4 Nf6 5. Nc3 e5 6. Ndb5 d6 7. Bg5 a6 8. Na3 b5 9. Nd5 Be7 10. Bxf6 Bxf6 11. c4 b4 12. Nc2 O-O 13. h4 a5 14. g3 Be6 15. Qd3 Rb8 16. Rd1 Bxd5 17. cxd5 Na7 18. Bh3 Rb5 19. Ne3 Qb8 20. Rc1 Bd8 21. Bd7 Rb7 22. Bc6 Rc7 23. Qa6 Nc8 24. Nc4 Ra7 25. Qb5 Qc7 26. Ke2 Ne7 27. Ne3 Qb6 28. Qd3 Qb8 29. Nc4 f5 30. f3 Bb6 31. Nxb6 Qxb6 32. Qe3 Qa6+ 33. Kd2 a4 34. Bb5 Qa5 35. Bc4 Rc7 36. b3 a3 37. h5 Nc8 38. Be2 Rxc1 39. Rxc1 Ne7 40. Qg5 Qa7 41. Qe3 Qxe3+ 42. Kxe3 fxe4 43. fxe4 Rc8 44. Rf1 Rc3+ 45. Kd2 Rxg3 46. Rc1 g6 47. Rc6 gxh5 48. Rxd6 h4 49. Rh6 h3 50. Bb5 Kg7 51. Rh5 Nc8 52. Bf1 Nd6 53. Rxh3 Nxe4+ 54. Kc2 Rxh3 55. Bxh3 Kf6 56. Bc8 Ke7 57. Bf5 Nc3 58. Bxh7 Nxa2 59. Kb1 Nc3+ 60. Ka1 Kd6 61. Bg6 Nxd5 0-1

[Event "WY U-16 Chess Olympiad 2019"]
[Site "Corum"]
[Date "2019.11.04"]
[Round "8"]
[White "Krstulovic, Alex"]
[Black "Chan, Yi Meng Ryan"]
[Result "1-0"]
[WhiteElo "2324"]
[BlackElo "2130"]
[Annotator "TA"]
[PlyCount "85"]
[EventDate "2019.10.28"]
[EventType "team-tourn"]
[EventCountry "TUR"]
[SourceTitle "playchess.com"]
[Source "ChessBase"]
[SourceQuality "1"]

1. d4 d5 2. c4 e6 3. Nf3 Be7 4. Nc3 Nf6 5. Bf4 O-O 6. e3 c5 7. dxc5 Bxc5 8. cxd5 Nxd5 9. Nxd5 exd5 10. a3 Nc6 11. Bd3 h6 12. h3 a6 13. O-O d4 14. Rc1 Ba7 15. e4 Qf6 16. e5 Qe7 17. Qe2 f5 18. Bxa6 bxa6 19. Rxc6 Be6 20. Rd1 Rfd8 21. Rd6 Bb3 22. Rd2 Rxd6 23. exd6 Qxe2 24. Rxe2 g5 25. Be5 Bd1 26. Rd2 Bxf3 27. gxf3 Rd8 28. Rc2 Bb8 29. Rc6 d3 30. Kf1 d2 31. Ke2 Re8 32. Kd1 Rxe5 33. d7 Rd5 34. Rc8+ Kf7 35. d8=Q Rxd8 36. Rxd8 Bf4 37. b4 h5 38. a4 Kg7 39. b5 axb5 40. axb5 g4 41. fxg4 fxg4 42. hxg4 h4 43. Rd3 1-0

[Event "WY U-16 Chess Olympiad 2019"]
[Site "Corum"]
[Date "2019.11.04"]
[Round "8"]
[White "Sargsyan, Tigran R."]
[Black "Isanzhulov, Arystan"]
[Result "0-1"]
[WhiteElo "2321"]
[BlackElo "2305"]
[Annotator "TA"]
[PlyCount "130"]
[EventDate "2019.10.28"]
[EventType "team-tourn"]
[EventCountry "TUR"]
[SourceTitle "playchess.com"]
[Source "ChessBase"]
[SourceQuality "1"]

1. d4 Nf6 2. c4 e6 3. Nf3 d5 4. Nc3 Be7 5. Bf4 O-O 6. e3 c5 7. dxc5 Bxc5 8. cxd5 Nxd5 9. Nxd5 exd5 10. a3 Nc6 11. Bd3 Bb6 12. Bg5 Qd6 13. h3 Ne5 14. O-O Ng6 15. Bxg6 Qxg6 16. Kh1 Be6 17. Bf4 Rfc8 18. Be5 Qh5 19. Bd4 Bc7 20. Ne5 Qh4 21. Nf3 Qh6 22. Be5 Bb6 23. Kh2 Qh5 24. Bd4 Bc7+ 25. Kg1 Re8 26. Ne5 Qh6 27. f4 f6 28. Nf3 Qg6 29. Kh2 Qf7 30. Qd3 Qd7 31. Nh4 Rec8 32. Kg1 Bd8 33. Rac1 b6 34. Rfd1 Be7 35. Rc3 Rxc3 36. Bxc3 Rc8 37. Nf3 Bf7 38. Nd4 Bg6 39. f5 Bf7 40. Ne2 Bd6 41. Rf1 Re8 42. Bd4 Rc8 43. Bc3 Rc4 44. Bd4 Rc8 45. Bc3 Qa4 46. Nf4 Qb3 47. Bd4 Qc4 48. Qd2 h6 49. Nd3 Qb5 50. Bc3 Qb3 51. Nc1 Qc4 52. Ne2 Qe4 53. Qd4 Qc2 54. Qd1 Qe4 55. Qd4 Qe5 56. Qxe5 fxe5 57. g4 Rc4 58. Rd1 Kf8 59. Kf2 Ke7 60. Rd3 Kf6 61. b3 Rc8 62. a4 Rc6 63. Rd2 h5 64. Bb2 Bb4 65. Rd1 hxg4 0-1

[Event "WY U-16 Chess Olympiad 2019"]
[Site "Corum"]
[Date "2019.11.04"]
[Round "8"]
[White "Cardoso Cardoso, Jose Gabriel"]
[Black "Sindarov, Javokhir"]
[Result "1/2-1/2"]
[WhiteElo "2313"]
[BlackElo "2513"]
[Annotator "TA"]
[PlyCount "108"]
[EventDate "2019.10.28"]
[EventType "team-tourn"]
[EventCountry "TUR"]
[SourceTitle "playchess.com"]
[Source "ChessBase"]
[SourceQuality "1"]

1. d4 d5 2. c4 dxc4 3. e4 e5 4. Nf3 exd4 5. Bxc4 Bb4+ 6. Nbd2 Nc6 7. a3 Ba5 8. O-O Bb6 9. b4 Nf6 10. Qb3 O-O 11. Bb2 Qe7 12. Rae1 Be6 13. e5 Nd7 14. Qc2 Rad8 15. Qe4 Rfe8 16. Bd3 Nf8 17. h4 Bd5 18. Qg4 Ng6 19. Qh5 h6 20. Bxg6 fxg6 21. Qxg6 Rf8 22. b5 Na5 23. Ne4 Bf7 24. Qg3 Kh8 25. e6 Bh5 26. Nfd2 Qxe6 27. Nc5 Qd6 28. Re5 Bxc5 29. Ne4 Qg6 30. Rxc5 Qxe4 31. Rxh5 Nc4 32. Bc1 Rd6 33. f3 Qe8 34. Rc5 Qf7 35. Bf4 Qxf4 36. Qxf4 Rxf4 37. Rxc4 Rf5 38. a4 d3 39. Kf2 c5 40. bxc6 bxc6 41. Rd1 Rfd5 42. Ke3 Kg8 43. Rc3 Re5+ 44. Kf4 Red5 45. Ke3 Re5+ 46. Kf4 Rh5 47. Rdxd3 Rxh4+ 48. g4 Rf6+ 49. Kg3 Rh1 50. Rd8+ Kh7 51. Rd7 Rg1+ 52. Kh2 Ra1 53. Rxa7 Rf4 54. Kg3 Rfxa4 1/2-1/2

[Event "WY U-16 Chess Olympiad 2019"]
[Site "Corum"]
[Date "2019.11.04"]
[Round "8"]
[White "Milosevic, Milos"]
[Black "Svanda, Ondrej"]
[Result "1/2-1/2"]
[WhiteElo "2312"]
[BlackElo "2268"]
[Annotator "TA"]
[PlyCount "52"]
[EventDate "2019.10.28"]
[EventType "team-tourn"]
[EventCountry "TUR"]
[SourceTitle "playchess.com"]
[Source "ChessBase"]
[SourceQuality "1"]

1. e4 c5 2. Nc3 e6 3. Nge2 Nc6 4. d4 cxd4 5. Nxd4 Qc7 6. Be3 a6 7. Be2 Nf6 8. a3 Be7 9. O-O O-O 10. f4 d6 11. Qe1 Nxd4 12. Bxd4 Nd7 13. Qg3 Bf6 14. Bxf6 Nxf6 15. Bd3 b5 16. e5 dxe5 17. fxe5 Nd7 18. Qh4 g6 19. Rae1 Bb7 20. Be4 Rac8 21. Bxb7 Qxb7 22. Rf3 h5 23. Qg5 Rc4 24. Qh6 b4 25. Rg3 Qb6+ 26. Kh1 Qf2 1/2-1/2

[Event "WY U-16 Chess Olympiad 2019"]
[Site "Corum"]
[Date "2019.11.04"]
[Round "8"]
[White "Daggupati, Balaji"]
[Black "Lukin, Elisha"]
[Result "1-0"]
[WhiteElo "2310"]
[BlackElo "2280"]
[Annotator "ChessBase"]
[PlyCount "61"]
[EventDate "2019.10.28"]
[EventType "team-tourn"]
[EventCountry "TUR"]
[SourceTitle "playchess.com"]
[Source "ChessBase"]
[SourceQuality "1"]

1. e4 e6 2. d4 d5 3. Nc3 Bb4 4. a3 Bxc3+ 5. bxc3 dxe4 6. Qg4 Nf6 7. Qxg7 Rg8 8. Qh6 c5 9. Ne2 Rg6 10. Qh4 Rg4 11. Qh3 Nc6 12. dxc5 Qa5 13. Qe3 Nd5 14. Qh3 Nf6 15. Bd2 e5 16. Ng3 Rf4 17. Qh6 Rxf2 18. Nh5 Nxh5 19. Kxf2 Qxc5+ 20. Be3 Qxc3 21. Qxh5 Be6 22. Be2 O-O-O 23. Rad1 Rg8 24. Qxh7 Rxg2+ 25. Kxg2 Qxe3 26. Rhe1 Kc7 27. Qh5 f5 28. Qg6 f4 29. Qxe6 f3+ 30. Bxf3 exf3+ 31. Kh1 1-0

[Event "WY U-16 Chess Olympiad 2019"]
[Site "Corum"]
[Date "2019.11.04"]
[Round "8"]
[White "Juksta, Karolis"]
[Black "Taspinar, Yanki"]
[Result "1-0"]
[WhiteElo "2310"]
[BlackElo "2010"]
[Annotator "RC"]
[PlyCount "167"]
[EventDate "2019.10.28"]
[EventType "team-tourn"]
[EventCountry "TUR"]
[SourceTitle "playchess.com"]
[Source "ChessBase"]
[SourceQuality "1"]

1. d4 d5 2. c4 e6 3. Nc3 c6 4. e3 Nf6 5. Nf3 Nbd7 6. Qc2 Bd6 7. Bd3 dxc4 8. Bxc4 b5 9. Be2 O-O 10. O-O Bb7 11. e4 e5 12. dxe5 Nxe5 13. Nh4 b4 14. Nf5 bxc3 15. Rd1 Ne8 16. Qxc3 f6 17. Qb3+ Rf7 18. f4 Rb8 19. fxe5 Ba6 20. Qe3 Bxe2 21. Qxe2 fxe5 22. Be3 Qc7 23. Rac1 Bf8 24. b3 Nf6 25. Bg5 h6 26. Bxf6 Rxf6 27. Qg4 Rb4 28. Rd7 Rxe4 29. Rxg7+ Qxg7 30. Qxe4 Qg5 31. Rf1 Bc5+ 32. Kh1 Bd4 33. h4 Qh5 34. Rf3 Kf7 35. Nxd4 exd4 36. Rxf6+ Kxf6 37. Qxc6+ Kf5 38. Qd5+ Kg6 39. Qd6+ Kf7 40. Qxd4 Qa5 41. a4 Kg6 42. Kh2 Kh7 43. Qe4+ Kg7 44. Kh3 Qc3+ 45. Qf3 Qa5 46. Qg4+ Kf8 47. Qf4+ Kg7 48. Kh2 Kg6 49. Qc4 Kf6 50. Qc6+ Kg7 51. Qd7+ Kf6 52. Qd6+ Kg7 53. Qe7+ Kg6 54. Qe6+ Kg7 55. Kh3 Qc3+ 56. g3 Qa1 57. Qd7+ Kf6 58. Qc6+ Kg7 59. Qb7+ Kf6 60. Qa6+ Kf5 61. Qc8+ Kg6 62. Qg8+ Kf5 63. Qh7+ Ke6 64. Qxh6+ Kf5 65. Qf4+ Ke6 66. Qe4+ Kf7 67. Qd5+ Kf8 68. h5 Kg7 69. Kh4 Qe1 70. Qd7+ Kf6 71. Qd6+ Kg7 72. Qc7+ Kf6 73. Qc6+ Kf7 74. Qb7+ Kg8 75. Qb8+ Kg7 76. Qxa7+ Kf6 77. Qb6+ Kf7 78. Qc7+ Kf6 79. Qc6+ Kf7 80. Qd5+ Kg7 81. a5 Qb4+ 82. Kh3 Kh6 83. Qe6+ Kg7 84. Qg4+ 1-0

[Event "WY U-16 Chess Olympiad 2019"]
[Site "Corum"]
[Date "2019.11.04"]
[Round "8"]
[White "Stearman, Josiah"]
[Black "Globus, Or"]
[Result "0-1"]
[WhiteElo "2310"]
[BlackElo "2371"]
[Annotator "TA"]
[PlyCount "71"]
[EventDate "2019.10.28"]
[EventType "team-tourn"]
[EventCountry "TUR"]
[SourceTitle "playchess.com"]
[Source "ChessBase"]
[SourceQuality "1"]

1. d4 Nf6 2. c4 e6 3. Nc3 Bb4 4. g3 Bxc3+ 5. bxc3 d6 6. Bg2 O-O 7. Nf3 Nc6 8. O-O e5 9. c5 e4 10. Nd2 d5 11. Bb2 Na5 12. Qa4 b6 13. Rfd1 Ba6 14. Nb3 Bxe2 15. Re1 Nxb3 16. axb3 Bd3 17. Bh3 a6 18. Bc1 Bb5 19. Qa3 Bd7 20. Bg2 Bf5 21. h3 Qd7 22. g4 Be6 23. Bg5 h5 24. Bxf6 gxf6 25. Qc1 Kh7 26. Qf4 Rg8 27. Re3 hxg4 28. Rg3 Rg6 29. hxg4 Bxg4 30. c6 Qe6 31. Qxc7 Rc8 32. Qf4 Rxc6 33. Rxa6 f5 34. Ra7 Kg7 35. Ra8 Qd6 36. Rxg4 0-1

[Event "WY U-16 Chess Olympiad 2019"]
[Site "Corum"]
[Date "2019.11.04"]
[Round "8"]
[White "Lashkin, Jegor"]
[Black "Nalbant, Tuna Onat"]
[Result "1/2-1/2"]
[WhiteElo "2304"]
[BlackElo "2401"]
[Annotator "TA"]
[PlyCount "69"]
[EventDate "2019.10.28"]
[EventType "team-tourn"]
[EventCountry "TUR"]
[SourceTitle "playchess.com"]
[Source "ChessBase"]
[SourceQuality "1"]

1. d4 Nf6 2. c4 g6 3. Nc3 d5 4. Nf3 Bg7 5. Qb3 dxc4 6. Qxc4 O-O 7. e4 Nc6 8. Be2 Bg4 9. d5 Na5 10. Qb4 Bxf3 11. Bxf3 c6 12. O-O Qb6 13. Qa4 Nd7 14. Rd1 Nc5 15. Qc2 Na6 16. Be3 c5 17. Be2 Rac8 18. Na4 Qd6 19. Qd2 Nb4 20. Nxc5 Rxc5 21. Qxb4 Rxd5 22. Qxd6 Rxd6 23. Rxd6 exd6 24. Rd1 Bxb2 25. Bxa7 Ra8 26. Be3 Ba3 27. Bf4 Nc6 28. Bb5 Kf8 29. Rb1 Bc5 30. Bc4 b6 31. Bd5 Rc8 32. Kf1 Nb4 33. Bb3 Ra8 34. Rd1 Rc8 35. Rd2 1/2-1/2

[Event "WY U-16 Chess Olympiad 2019"]
[Site "Corum"]
[Date "2019.11.04"]
[Round "8"]
[White "Cohen Revivo, Shoham"]
[Black "Ke, Ivan"]
[Result "1/2-1/2"]
[WhiteElo "2295"]
[BlackElo "2321"]
[Annotator "TA"]
[PlyCount "111"]
[EventDate "2019.10.28"]
[EventType "team-tourn"]
[EventCountry "TUR"]
[SourceTitle "playchess.com"]
[Source "ChessBase"]
[SourceQuality "1"]

1. e4 e5 2. Nf3 Nc6 3. d4 exd4 4. c3 dxc3 5. Bc4 d6 6. Nxc3 Nf6 7. O-O Be7 8. h3 O-O 9. b4 Nd7 10. Nd5 Nde5 11. Nxe5 dxe5 12. a3 Be6 13. Be3 Bd6 14. Qh5 Ne7 15. Bg5 f6 16. Nxf6+ Rxf6 17. Bxf6 Bxc4 18. Rfc1 gxf6 19. Rxc4 Ng6 20. g3 Qd7 21. Rd1 Qe6 22. Rc3 Kg7 23. h4 Rf8 24. Qe2 Qh3 25. Qf3 Kh8 26. Qg2 Qxg2+ 27. Kxg2 h5 28. b5 Kg7 29. a4 b6 30. Rc4 Kf7 31. f3 a6 32. bxa6 Ra8 33. Kf2 Rxa6 34. Rb1 Nf8 35. g4 Ne6 36. gxh5 Nf4 37. h6 Ra8 38. Rh1 Kg6 39. Rg1+ Kxh6 40. Rg4 Bc5+ 41. Ke1 Be3 42. Rc6 Nh5 43. Rxc7 Rd8 44. Ke2 Bd4 45. Rc6 Kh7 46. Kd3 Bf2+ 47. Kc2 Rd7 48. Rc8 Rg7 49. Rc6 Rd7 50. Rc8 Ng7 51. Rf8 Rc7+ 52. Kd2 Nh5 53. Rd8 Ng7 54. Rf8 Nh5 55. Rd8 Ng7 56. Rf8 1/2-1/2

[Event "WY U-16 Chess Olympiad 2019"]
[Site "Corum"]
[Date "2019.11.04"]
[Round "8"]
[White "Mosesov, Danylo"]
[Black "Manafov, Vugar"]
[Result "1/2-1/2"]
[WhiteElo "2290"]
[BlackElo "2357"]
[Annotator "TA"]
[PlyCount "82"]
[EventDate "2019.10.28"]
[EventType "team-tourn"]
[EventCountry "TUR"]
[SourceTitle "playchess.com"]
[Source "ChessBase"]
[SourceQuality "1"]

1. d4 Nf6 2. c4 e6 3. Nf3 Bb4+ 4. Bd2 a5 5. Qc2 d5 6. a3 Be7 7. Bf4 c6 8. e3 Ne4 9. Nc3 f5 10. h4 O-O 11. h5 Nd7 12. Be2 Bd6 13. g3 Qe7 14. Rd1 b6 15. cxd5 cxd5 16. O-O Bb7 17. Nb5 Rfc8 18. Qa4 Bxf4 19. exf4 Bc6 20. Rc1 Ndf6 21. Rc2 Nd6 22. Rfc1 Bxb5 23. Rxc8+ Rxc8 24. Rxc8+ Nxc8 25. Qxb5 Qb7 26. Ne5 Nd6 27. Qb3 Nfe4 28. Qa4 Qc7 29. Kg2 h6 30. Bd3 Nd2 31. b4 N2c4 32. bxa5 bxa5 33. Be2 Kh7 34. Bf3 Nd2 35. Be2 N2c4 36. Nd3 Qb7 37. Nc5 Qb2 38. Bxc4 Nxc4 39. Qe8 Ne3+ 40. Kh3 Qxf2 41. Qg6+ Kh8 1/2-1/2

[Event "WY U-16 Chess Olympiad 2019"]
[Site "Corum"]
[Date "2019.11.04"]
[Round "8"]
[White "Runets, Ivan"]
[Black "Katopodis, Dimitrios"]
[Result "1/2-1/2"]
[WhiteElo "2288"]
[BlackElo "2353"]
[Annotator "TA"]
[PlyCount "95"]
[EventDate "2019.10.28"]
[EventType "team-tourn"]
[EventCountry "TUR"]
[SourceTitle "playchess.com"]
[Source "ChessBase"]
[SourceQuality "1"]

1. d4 Nf6 2. c4 b6 3. Nc3 Bb7 4. Qc2 d5 5. cxd5 Nxd5 6. e4 Nxc3 7. bxc3 e5 8. dxe5 Qe7 9. Nf3 Nd7 10. Bb5 c6 11. Be2 Nxe5 12. Bf4 Nxf3+ 13. Bxf3 Qf6 14. Bg3 Bc5 15. O-O Qe6 16. Rfd1 O-O 17. Rd2 Be7 18. Qb3 Rfd8 19. Rad1 Rxd2 20. Rxd2 Rd8 21. Rxd8+ Bxd8 22. Qa4 a6 23. Qd4 Qe7 24. e5 c5 25. Qd3 Bxf3 26. Qxf3 Bc7 27. h3 Qd8 28. Qb7 a5 29. c4 Kf8 30. Kh2 Qb8 31. Qd5 Qd8 32. Qc6 Qe7 33. f4 f6 34. Qe4 g5 35. fxg5 Bxe5 36. Bxe5 fxe5 37. h4 Kg7 38. Kg3 Qd6 39. h5 Qd4 40. h6+ Kg8 41. Qa8+ Kf7 42. Qf3+ Kg6 43. Qf6+ Kh5 44. Qf7+ Kxg5 45. Qg7+ Kh5 46. Qf7+ Kxh6 47. Qf6+ Kh5 48. Qf5+ 1/2-1/2

[Event "WY U-16 Chess Olympiad 2019"]
[Site "Corum"]
[Date "2019.11.05"]
[Round "8"]
[White "Csiki, Endre"]
[Black "Lee, Care Greene"]
[Result "1-0"]
[WhiteElo "2287"]
[BlackElo "1950"]
[Annotator "RC"]
[PlyCount "41"]
[EventDate "2019.10.28"]
[EventType "team-tourn"]
[EventCountry "TUR"]
[SourceTitle "playchess.com"]
[Source "ChessBase"]
[SourceQuality "1"]

1. e4 c5 2. Nf3 d6 3. Bb5+ Nd7 4. O-O a6 5. Bd3 Ngf6 6. Re1 b5 7. c4 Rb8 8. cxb5 axb5 9. a4 Qa5 10. Na3 Ba6 11. axb5 Bxb5 12. Bxb5 Rxb5 13. Nxb5 Qxa1 14. Na3 g6 15. Qa4 e5 16. d4 Qa2 17. dxe5 dxe5 18. Nxe5 Qe6 19. Qa8+ Ke7 20. Nc6+ Kd6 21. Nb5# 1-0

[Event "WY U-16 Chess Olympiad 2019"]
[Site "Corum"]
[Date "2019.11.04"]
[Round "8"]
[White "Aydincelebi, Kagan"]
[Black "Ajay Karthikeyan"]
[Result "0-1"]
[WhiteElo "2285"]
[BlackElo "2214"]
[Annotator "ChessBase"]
[PlyCount "70"]
[EventDate "2019.10.28"]
[EventType "team-tourn"]
[EventCountry "TUR"]
[SourceTitle "playchess.com"]
[Source "ChessBase"]
[SourceQuality "1"]

1. e4 c5 2. Nf3 g6 3. d4 cxd4 4. Qxd4 Nf6 5. e5 Nc6 6. Qa4 Nd5 7. Qe4 Nb6 8. Nc3 Bg7 9. Bf4 d5 10. exd6 Bf5 11. Qe3 O-O 12. O-O-O exd6 13. a3 d5 14. Qd2 Rc8 15. Bd3 Na5 16. Be5 Nbc4 17. Bxc4 Nxc4 18. Qd4 Nxe5 19. Nxe5 Qg5+ 20. f4 Qxg2 21. Qd2 Qxd2+ 22. Rxd2 Rfd8 23. Rhd1 Bh6 24. Rd4 Re8 25. Re1 f6 26. Nd3 Rxe1+ 27. Nxe1 Rc4 28. Rxd5 Bxf4+ 29. Kb1 Bxh2 30. Rd8+ Kf7 31. Nf3 Be5 32. Nxe5+ fxe5 33. Rh8 g5 34. Rb8 Rc7 35. Ka1 Rd7 0-1

[Event "WY U-16 Chess Olympiad 2019"]
[Site "Corum"]
[Date "2019.11.04"]
[Round "8"]
[White "Musyuk, Lior"]
[Black "Chen, Justin"]
[Result "1-0"]
[WhiteElo "2278"]
[BlackElo "2280"]
[Annotator "ChessBase"]
[PlyCount "49"]
[EventDate "2019.10.28"]
[EventType "team-tourn"]
[EventCountry "TUR"]
[SourceTitle "playchess.com"]
[Source "ChessBase"]
[SourceQuality "1"]

1. e4 c5 2. Nf3 d6 3. Bb5+ Bd7 4. Bxd7+ Qxd7 5. O-O Nc6 6. c3 Nf6 7. Re1 e6 8. d4 cxd4 9. cxd4 d5 10. e5 Ne4 11. Nbd2 Nxd2 12. Bxd2 Be7 13. Rc1 O-O 14. Rc3 Rfc8 15. a3 a6 16. Rd3 Na7 17. Ng5 h6 18. Nh3 Kf8 19. Rg3 Rc4 20. Qh5 Rxd4 21. Rxg7 Kxg7 22. Bxh6+ Kh8 23. Ng5 Bd8 24. Bf8+ Kg8 25. Be7 1-0

[Event "WY U-16 Chess Olympiad 2019"]
[Site "Corum"]
[Date "2019.11.04"]
[Round "8"]
[White "Ivanovic, Marko"]
[Black "Vojta, Jakub"]
[Result "1/2-1/2"]
[WhiteElo "2269"]
[BlackElo "2134"]
[Annotator "TA"]
[PlyCount "71"]
[EventDate "2019.10.28"]
[EventType "team-tourn"]
[EventCountry "TUR"]
[SourceTitle "playchess.com"]
[Source "ChessBase"]
[SourceQuality "1"]

1. d4 Nf6 2. Bg5 e6 3. Nd2 h6 4. Bh4 c5 5. e3 d5 6. Bd3 Nbd7 7. c3 e5 8. e4 Be7 9. Bxf6 Bxf6 10. exd5 exd4 11. c4 O-O 12. Ngf3 Re8+ 13. Ne4 Ne5 14. Nxe5 Bxe5 15. O-O b6 16. Qf3 f5 17. Ng3 g6 18. Rae1 Bd7 19. Re2 Bd6 20. Rxe8+ Qxe8 21. h4 Qe5 22. Rd1 Re8 23. Rd2 Qe1+ 24. Nf1 Qc1 25. Re2 Rxe2 26. Qxe2 Qf4 27. g3 Qe5 28. Qxe5 Bxe5 29. f4 Bd6 30. Nd2 g5 31. hxg5 hxg5 32. fxg5 Bxg3 33. Kg2 Bf4 34. Nf3 Kf7 35. Nh4 Bxg5 36. Bxf5 1/2-1/2

[Event "WY U-16 Chess Olympiad 2019"]
[Site "Corum"]
[Date "2019.11.04"]
[Round "8"]
[White "Rodrigue-Lemieux, Shawn"]
[Black "Shubin, Kirill"]
[Result "0-1"]
[WhiteElo "2263"]
[BlackElo "2416"]
[Annotator "RC"]
[PlyCount "64"]
[EventDate "2019.10.28"]
[EventType "team-tourn"]
[EventCountry "TUR"]
[SourceTitle "playchess.com"]
[Source "ChessBase"]
[SourceQuality "1"]

1. e4 c5 2. Nf3 Nc6 3. Bb5 g6 4. O-O Bg7 5. c3 a6 6. Bxc6 dxc6 7. d3 e5 8. Be3 b6 9. Na3 Ne7 10. Nc4 Bg4 11. b4 b5 12. Na5 cxb4 13. cxb4 O-O 14. Bc5 h6 15. Rc1 Rc8 16. h3 Be6 17. Qe2 g5 18. d4 g4 19. Nxe5 gxh3 20. f4 hxg2 21. Qxg2 Kh7 22. Rc3 Bxe5 23. dxe5 Rg8 24. Rg3 Qd7 25. Kh2 Rxg3 26. Qxg3 Rg8 27. Qh4 Rg5 28. Rf3 Ng6 29. Qf2 Rg4 30. Qe3 Rh4+ 31. Kg1 Bxa2 32. Rg3 Bb1 0-1

[Event "WY U-16 Chess Olympiad 2019"]
[Site "Corum"]
[Date "2019.11.04"]
[Round "8"]
[White "Chatzieleftheriou, Andreas"]
[Black "Siniauski, Artsiom"]
[Result "1/2-1/2"]
[WhiteElo "2258"]
[BlackElo "2233"]
[Annotator "TA"]
[PlyCount "119"]
[EventDate "2019.10.28"]
[EventType "team-tourn"]
[EventCountry "TUR"]
[SourceTitle "playchess.com"]
[Source "ChessBase"]
[SourceQuality "1"]

1. e4 e6 2. d4 d5 3. exd5 exd5 4. Nf3 Nc6 5. Bb5 Bd6 6. c4 dxc4 7. d5 a6 8. Ba4 b5 9. dxc6 bxa4 10. O-O Ne7 11. Nbd2 Be6 12. Qxa4 Bd5 13. Nxc4 O-O 14. Nxd6 Qxd6 15. Qf4 Qxc6 16. Be3 Ng6 17. Qg3 Bxf3 18. Qxf3 Qxf3 19. gxf3 Rfb8 20. b3 a5 21. Rfc1 Rb7 22. Rc3 a4 23. Rac1 axb3 24. Rxb3 Rxb3 25. axb3 Rc8 26. Kf1 Nf8 27. f4 f5 28. Bd4 Ne6 29. Be5 Kf7 30. Rc3 Ke7 31. Rh3 h6 32. Rh5 Rb8 33. Rxf5 Rxb3 34. Rh5 Rb4 35. f5 Nf4 36. f6+ gxf6 37. Bxf4 Rxf4 38. Rxh6 c5 39. Ke2 c4 40. Rh8 Kd7 41. Ke3 c3 42. Rg8 Rh4 43. Rg2 Kd6 44. Kd3 Ke5 45. Kxc3 Ke4 46. Kd2 Kf3 47. Rg6 f5 48. Ke1 f4 49. Ra6 Rxh2 50. Ra3+ Kg2 51. Ra7 Rh1+ 52. Ke2 f3+ 53. Ke3 Re1+ 54. Kf4 Re2 55. Ra3 Rxf2 56. Kg4 Rf1 57. Rb3 Re1 58. Rxf3 Re4+ 59. Rf4 Rxf4+ 60. Kxf4 1/2-1/2

[Event "WY U-16 Chess Olympiad 2019"]
[Site "Corum"]
[Date "2019.11.04"]
[Round "8"]
[White "Mammadov, Sadig"]
[Black "Deng Yu Dong Michael"]
[Result "1-0"]
[WhiteElo "2216"]
[BlackElo "2130"]
[Annotator "TA"]
[PlyCount "81"]
[EventDate "2019.10.28"]
[EventType "team-tourn"]
[EventCountry "TUR"]
[SourceTitle "playchess.com"]
[Source "ChessBase"]
[SourceQuality "1"]

1. e4 c5 2. Nf3 d6 3. d4 cxd4 4. Nxd4 Nf6 5. Nc3 a6 6. Qe2 e6 7. g4 Be7 8. g5 Nfd7 9. Be3 b5 10. a3 Nb6 11. h4 Qc7 12. O-O-O N8d7 13. f4 Bb7 14. Rh3 Rc8 15. Kb1 Nc4 16. Bc1 Qa5 17. f5 e5 18. Nb3 Qb6 19. Rhd3 b4 20. axb4 Qxb4 21. f6 gxf6 22. Bh3 a5 23. gxf6 Bf8 24. Bxd7+ Kxd7 25. Qg4+ Kd8 26. Na2 Qb6 27. Nd2 a4 28. Nxc4 Rxc4 29. Nc3 Rb4 30. Qh5 Ke8 31. Qf5 Rg8 32. Nd5 Bxd5 33. Rxd5 Qc7 34. Bd2 Rd4 35. Rxd4 exd4 36. Ba5 Qc4 37. e5 Qe6 38. Qe4 dxe5 39. Qa8+ Kd7 40. Qb7+ Ke8 41. Qb5+ 1-0

[Event "WY U-16 Chess Olympiad 2019"]
[Site "Corum"]
[Date "2019.11.04"]
[Round "8"]
[White "Utsab Chatterjee"]
[Black "Ozenir, Ekin Baris"]
[Result "0-1"]
[WhiteElo "2211"]
[BlackElo "2274"]
[Annotator "TA"]
[PlyCount "88"]
[EventDate "2019.10.28"]
[EventType "team-tourn"]
[EventCountry "TUR"]
[SourceTitle "playchess.com"]
[Source "ChessBase"]
[SourceQuality "1"]

1. e4 c5 2. Nf3 d6 3. d4 cxd4 4. Nxd4 Nf6 5. Nc3 a6 6. Be2 e5 7. Nb3 Be7 8. O-O O-O 9. Kh1 b6 10. Be3 Bb7 11. f3 b5 12. a4 b4 13. Nd5 Nxd5 14. exd5 Nd7 15. c3 bxc3 16. bxc3 Bg5 17. Bf2 Qc7 18. c4 Rab8 19. a5 f5 20. Qd3 Ba8 21. c5 e4 22. fxe4 fxe4 23. Qd1 e3 24. Bg3 Rxf1+ 25. Qxf1 Nxc5 26. Nxc5 Qxc5 27. Rc1 Qa3 28. Ra1 Qb2 29. Bxd6 Rd8 30. Rb1 Qc2 31. Rc1 Qe4 32. Bc5 Bxd5 33. Rd1 h6 34. Rd3 Kh8 35. Rd4 Qe6 36. Qd1 Qc6 37. Bb6 Bxg2+ 38. Kg1 Rxd4 39. Bxd4 Be4 40. Qf1 Qd6 41. Bc3 Bf4 42. Qh3 Qg6+ 43. Kf1 Kh7 44. Bd4 Bg2+ 0-1

[Event "WY U-16 Chess Olympiad 2019"]
[Site "Corum"]
[Date "2019.11.04"]
[Round "8"]
[White "Briem, Stephan"]
[Black "Aydin, Gulenay"]
[Result "1-0"]
[WhiteElo "2199"]
[BlackElo "1918"]
[Annotator "TA"]
[PlyCount "99"]
[EventDate "2019.10.28"]
[EventType "team-tourn"]
[EventCountry "TUR"]
[SourceTitle "playchess.com"]
[Source "ChessBase"]
[SourceQuality "1"]

1. d4 Nf6 2. c4 g6 3. Nf3 Bg7 4. e3 O-O 5. Be2 d6 6. O-O c5 7. d5 Bg4 8. Nc3 Na6 9. e4 Nd7 10. Ne1 Bxe2 11. Qxe2 Nc7 12. f4 e6 13. Nf3 exd5 14. exd5 Re8 15. Qc2 a6 16. a4 Rb8 17. Ne4 Nf6 18. Nxf6+ Bxf6 19. a5 b5 20. axb6 Rxb6 21. f5 Qe7 22. Re1 Qf8 23. Rxe8 Nxe8 24. fxg6 hxg6 25. Ra3 Ng7 26. g4 Qb8 27. b3 Qc8 28. h3 Qb8 29. Kg2 Qb7 30. Bd2 Qb8 31. Ba5 Rb7 32. Bc3 Bxc3 33. Qxc3 Qe8 34. Qd3 Re7 35. Kf2 f5 36. Ra2 Re4 37. Re2 Rxe2+ 38. Qxe2 Qf7 39. Qe3 Qf6 40. Kg3 Qf7 41. Qf4 Qe7 42. Qg5 Qe4 43. Qd8+ Ne8 44. Qg5 Ng7 45. Qf6 Qe3 46. Qxd6 fxg4 47. hxg4 Kh7 48. Qf4 Qxb3 49. Kh4 Qc3 50. Ng5+ 1-0

[Event "WY U-16 Chess Olympiad 2019"]
[Site "Corum"]
[Date "2019.11.04"]
[Round "8"]
[White "Risteski, Emil"]
[Black "Nurmamedov, Azat"]
[Result "0-1"]
[WhiteElo "2197"]
[BlackElo "2368"]
[Annotator "TA"]
[PlyCount "52"]
[EventDate "2019.10.28"]
[EventType "team-tourn"]
[EventCountry "TUR"]
[SourceTitle "playchess.com"]
[Source "ChessBase"]
[SourceQuality "1"]

1. e4 c5 2. Nf3 d6 3. d4 cxd4 4. Nxd4 Nf6 5. Nc3 a6 6. h3 e5 7. Nb3 h5 8. f4 Be7 9. Be2 Be6 10. fxe5 dxe5 11. Qxd8+ Kxd8 12. Be3 Nbd7 13. O-O-O Rc8 14. Bf3 Kc7 15. Nd5+ Nxd5 16. exd5 Bf5 17. g4 Bg6 18. Nd2 Nf6 19. g5 Kd7 20. c4 Ne8 21. Be4 Bxe4 22. Nxe4 Rxc4+ 23. Nc3 Bb4 24. Bd2 Nd6 25. Kb1 Rd4 26. a3 Bc5 0-1